000 00412nam a2200157Ia 4500
003 LK-CoDNM
008 010623t1904 xxu||||| |||| 00| 1 eng d
040 _aLK-CoDNM
_dLK-CoDNM
_eLK-CoDNM
041 _aeng
080 _a50
_bB5
245 _aReport of the Victoria Home for Jucurables
260 _bCeylon Observer
_aColombo
_c1904
300 _b12P., 10 cm
650 _aHome for Disabled Persons
942 _cBK
999 _c85767
_d85767